000
00300nam a2200121Ia 4500
999
_c
3387
_d
3387
008
200103s 1969 ||||xx |||||||||||||| ||und||
082
_a
551.63
_b
HMS
100
_a
HMSO
245
4
_a
The marine observer's handbook
260
_b
HMSO London
_c
1969
_a
London
300
_a
vii, 152
942
_c
BK